000 00735nam a22001817a 4500
999 _c371618
_d371618
008 201127b ||||| |||| 00| 0 eng d
040 _aDE-2950
_bger
_cDE-2950
_erda
041 _ager
245 _aDas Leben von Fratelli-Gastronom Rame H.
_bGericht: Tag 23 im Drogen-Prozess gegen den Gastronomen Rame H. vor dem Landgericht in Frankfurt. Zum ersten Mal wurde es sehr Persönlich .../
_cLisa Mahlke
264 _c2022
653 _aFrankfurt (Oder)
653 _aDrogenkriminalität
773 _dFrankfurt (Oder) Märkisches Verlags- und Druckhaus GmbH & Co KG
_tMärkische Oderzeitung
_g33. Jahrgang (2022) Nr. 112 vom 14./15.05.2022, S. 17
942 _cA